|
|
|
|
| LEADER |
01789nam a22003017a 4500 |
| 001 |
AAL6986 |
| 003 |
BD-DhAAL |
| 005 |
20250622114259.0 |
| 008 |
160201s 2007bd ||||| b||| 001 0 ben d |
| 020 |
|
|
|a 9847000000453
|
| 040 |
|
|
|a BD-DhAAL
|c BD-DhAAL
|
| 041 |
|
|
|a ben
|
| 082 |
|
|
|a 954.14
|
| 100 |
|
|
|a করিম, আবদুল.
|9 42589
|
| 245 |
|
|
|a বাংলার ইতিহাস :
|b সুলতানী আমল /
|c আবদুল করিম.
|
| 246 |
|
|
|a Banglar itihas :
|b sultani amal
|
| 250 |
|
|
|a প্রথম প্রকাশ.
|
| 260 |
|
|
|a ঢাকা :
|b জাতীয় সাহিত্য প্রকাশনী,
|c ২০০৭ [তৃতীয় মুদ্রণ ২০১৮].
|
| 300 |
|
|
|a ৫০১ পৃষ্ঠা ;
|c ২২ সে.মি.
|
| 504 |
|
|
|a তথ্য নির্দেশ ও নিঘন্ট অন্তভুক্ত
|
| 526 |
|
|
|a Research project title " Shalish : A traditional dispute settlement mechanism within the formal legal framework" (SOL)
project duration January to June 2021 (37557)
|
| 541 |
|
|
|a Complimentary copy from "Shalish" (SOL)
|e 6986, 37557
|
| 651 |
|
|
|a Bengal (India)
|x History.
|9 46901
|
| 942 |
|
|
|2 ddc
|c BK
|
| 999 |
|
|
|c 36747
|d 36747
|
| 952 |
|
|
|0 0
|1 0
|2 ddc
|4 0
|6 954_140000000000000_KAR
|7 0
|9 57823
|a SCL
|b SCL
|c GEN
|d 2016-02-01
|g 325.00
|l 7
|m 18
|o 954.14 KAR
|p 3020006986
|r 2024-02-11
|s 2024-02-03
|t 1
|w 2016-02-01
|y BK
|
| 952 |
|
|
|0 0
|1 0
|2 ddc
|4 0
|6 954_140000000000000_KAR
|7 0
|9 57836
|a SCL
|b SCL
|c GEN
|d 2016-02-03
|g 325.00
|l 12
|m 4
|o 954.14 KAR
|p 3020006985
|r 2024-11-17
|s 2024-11-03
|t 2
|w 2016-02-03
|y BK
|
| 952 |
|
|
|0 0
|1 0
|2 ddc
|4 0
|6 954_140000000000000_KAR
|7 0
|9 69489
|a BRACUL
|b BRACUL
|c GEN
|d 2021-11-11
|e Complimentary copy from "Shalish" (SOL)
|g 450.00
|l 3
|m 59
|o 954.14 KAR
|p 3010037557
|r 2025-06-23
|s 2024-10-05
|t 3
|w 2021-11-11
|y BK
|